[Event "New Zealand Junior Championship"]
[Site "Wellington"]
[Date "2023.01.09"]
[Round "7.6"]
[White "Lu, Xiahan (Luna)"]
[Black "Barnett-Harris, Lucas"]
[Result "0-1"]
[TimeControl "60 mins plus 30 secs per move"]
[WhiteFideId "4317076"]
[BlackFideId "467600"]
[WhiteElo "1480"]
[BlackElo "1769"]

1. d4 {[%clk 01:00:50]} {[%emt 00:00:11]} d5 {[%clk 01:00:47]} {[%emt
00:00:12]} 2. c4 {[%clk 01:00:50]} {[%emt 00:00:29]} e6 {[%clk 01:01:09]}
{[%emt 00:00:08]} 3. Nc3 {[%clk 01:00:19]} {[%emt 00:01:00]} Nf6 {[%clk
01:01:34]} {[%emt 00:00:05]} 4. Bg5 {[%clk 01:00:14]} {[%emt 00:00:35]} Be7
{[%clk 01:01:59]} {[%emt 00:00:07]} 5. e3 {[%clk 01:00:17]} {[%emt 00:00:26]}
c6 {[%clk 01:01:15]} {[%emt 00:01:14]} 6. Nf3 {[%clk 00:59:50]} {[%emt
00:00:56]} O-O {[%clk 01:00:35]} {[%emt 00:01:11]} 7. Bd3 {[%clk 00:59:21]}
{[%emt 00:00:59]} Nbd7 {[%clk 00:58:58]} {[%emt 00:02:08]} 8. O-O {[%clk
00:57:49]} {[%emt 00:02:01]} h6 {[%clk 00:56:55]} {[%emt 00:02:33]} 9. Bh4
{[%clk 00:56:32]} {[%emt 00:01:47]} dxc4 {[%clk 00:56:05]} {[%emt 00:01:20]} 10.
Bxc4 {[%clk 00:56:37]} {[%emt 00:00:24]} b5 {[%clk 00:56:24]} {[%emt 00:00:13]}
11. Bb3 {[%clk 00:55:32]} {[%emt 00:01:34]} a6 {[%clk 00:55:31]} {[%emt
00:01:23]} 12. Qd3 {[%clk 00:54:22]} {[%emt 00:01:40]} c5 {[%clk 00:52:16]}
{[%emt 00:03:45]} 13. Bc2 {[%clk 00:51:48]} {[%emt 00:03:03]} c4 {[%clk
00:50:49]} {[%emt 00:01:58]} 14. Qd2 {[%clk 00:47:52]} {[%emt 00:04:22]} Bb7
{[%clk 00:49:50]} {[%emt 00:01:34]} 15. Qe2 {[%clk 00:47:07]} {[%emt 00:01:15]}
Nb6 {[%clk 00:48:18]} {[%emt 00:02:02]} 16. Ne5 {[%clk 00:39:33]} {[%emt
00:08:02]} Nbd5 {[%clk 00:41:30]} {[%emt 00:07:19]} 17. Nxd5 {[%clk 00:34:03]}
{[%emt 00:05:59]} Nxd5 {[%clk 00:40:30]} {[%emt 00:01:31]} 18. Bg3 {[%clk
00:32:38]} {[%emt 00:01:55]} Bd6 {[%clk 00:35:58]} {[%emt 00:05:02]} 19. Rad1
{[%clk 00:30:47]} {[%emt 00:02:16]} Qc7 {[%clk 00:33:50]} {[%emt 00:02:43]} 20.
Qh5 {[%clk 00:28:27]} {[%emt 00:02:36]} Rac8 {[%clk 00:26:44]} {[%emt
00:07:50]} 21. Rc1 {[%clk 00:26:23]} {[%emt 00:02:35]} Nf6 {[%clk 00:25:19]}
{[%emt 00:01:55]} 22. Qe2 {[%clk 00:24:30]} {[%emt 00:02:22]} Nd7 {[%clk
00:22:53]} {[%emt 00:02:56]} 23. Nxd7 {[%clk 00:23:29]} {[%emt 00:01:31]} Qxd7
{[%clk 00:23:11]} {[%emt 00:00:12]} 24. Bxd6 {[%clk 00:23:42]} {[%emt
00:00:17]} Qxd6 {[%clk 00:23:38]} {[%emt 00:00:03]} 25. Qg4 {[%clk 00:21:21]}
{[%emt 00:02:49]} Rc7 {[%clk 00:21:43]} {[%emt 00:02:26]} 26. Bd1 {[%clk
00:19:25]} {[%emt 00:02:26]} Rfc8 {[%clk 00:21:18]} {[%emt 00:00:55]} 27. Bf3
{[%clk 00:18:04]} {[%emt 00:01:51]} Bxf3 {[%clk 00:20:30]} {[%emt 00:01:19]} 28.
Qxf3 {[%clk 00:18:26]} {[%emt 00:00:07]} Qc6 {[%clk 00:20:54]} {[%emt
00:00:07]} 29. Qxc6 {[%clk 00:18:13]} {[%emt 00:00:43]} Rxc6 {[%clk 00:20:51]}
{[%emt 00:00:34]} 30. Rfd1 {[%clk 00:18:17]} {[%emt 00:00:25]} c3 {[%clk
00:20:55]} {[%emt 00:00:27]} 31. bxc3 {[%clk 00:17:56]} {[%emt 00:00:50]} Rxc3
{[%clk 00:21:21]} {[%emt 00:00:06]} 32. Rxc3 {[%clk 00:18:14]} {[%emt
00:00:11]} Rxc3 {[%clk 00:21:49]} {[%emt 00:00:02]} 33. Kf1 {[%clk 00:18:26]}
{[%emt 00:00:17]} Rc2 {[%clk 00:22:07]} {[%emt 00:00:13]} 34. Ra1 {[%clk
00:18:20]} {[%emt 00:00:36]} b4 {[%clk 00:22:19]} {[%emt 00:00:17]} 35. Rb1
{[%clk 00:17:23]} {[%emt 00:01:28]} a5 {[%clk 00:22:17]} {[%emt 00:00:32]} 36.
Ra1 {[%clk 00:17:30]} {[%emt 00:00:22]} Kf8 {[%clk 00:22:27]} {[%emt 00:00:21]}
37. g3 {[%clk 00:13:22]} {[%emt 00:04:38]} Ke7 {[%clk 00:22:47]} {[%emt
00:00:11]} 38. Kg2 {[%clk 00:13:44]} {[%emt 00:00:08]} Kd6 {[%clk 00:23:07]}
{[%emt 00:00:10]} 39. Kf3 {[%clk 00:14:07]} {[%emt 00:00:06]} Kd5 {[%clk
00:23:18]} {[%emt 00:00:20]} 40. h4 {[%clk 00:13:22]} {[%emt 00:01:15]} a4
{[%clk 00:23:34]} {[%emt 00:00:13]} 41. Rb1 {[%clk 00:12:09]} {[%emt 00:01:43]}
Kc4 {[%clk 00:23:48]} {[%emt 00:00:17]} 42. Ra1 {[%clk 00:12:15]} {[%emt
00:00:23]} Kc3 {[%clk 00:24:06]} {[%emt 00:00:13]} 43. g4 {[%clk 00:10:55]}
{[%emt 00:01:50]} Kb2 {[%clk 00:24:22]} {[%emt 00:00:14]} 44. Rd1 {[%clk
00:11:03]} {[%emt 00:00:22]} Kxa2 {[%clk 00:24:39]} {[%emt 00:00:13]} 45. e4
{[%clk 00:11:25]} {[%emt 00:00:08]} b3 {[%clk 00:24:38]} {[%emt 00:00:31]} 46.
d5 {[%clk 00:11:49]} {[%emt 00:00:05]} exd5 {[%clk 00:24:38]} {[%emt 00:00:31]}
47. exd5 {[%clk 00:12:00]} {[%emt 00:00:18]} b2 {[%clk 00:24:36]} {[%emt
00:00:32]} 48. d6 {[%clk 00:12:16]} {[%emt 00:00:14]} b1=Q {[%clk 00:24:43]}
{[%emt 00:00:24]} 49. Rxb1 {[%clk 00:12:35]} {[%emt 00:00:10]} Kxb1 {[%clk
00:25:08]} {[%emt 00:00:05]} 50. Ke3 {[%clk 00:12:49]} {[%emt 00:00:16]} Rc6
{[%clk 00:25:21]} {[%emt 00:00:16]} 0-1

[Event "New Zealand Junior Championship"]
[Site "Wellington"]
[Date "2023.01.09"]
[Round "7.7"]
[White "Gilmore, Blake"]
[Black "Tao, Junqing Jerome"]
[Result "1/2-1/2"]
[TimeControl "60 mins plus 30 secs per move"]
[WhiteFideId "4317548"]
[BlackFideId "4313895"]
[WhiteElo "1725"]
[BlackElo "1465"]

1. Nf3 {[%clk 01:00:58]} {[%emt 00:05:50]} d5 {[%emt 00:00:14]} 2. g3 {[%clk
01:01:21]} {[%emt 00:00:04]} Nc6 {[%clk 01:01:16]} {[%emt 00:00:04]} 3. Bg2
{[%clk 01:01:46]} {[%emt 00:00:05]} Nf6 {[%clk 01:01:38]} {[%emt 00:00:08]} 4.
O-O {[%clk 01:02:05]} {[%emt 00:00:12]} Bf5 {[%clk 01:02:05]} {[%emt 00:00:03]}
5. d3 {[%clk 01:02:25]} {[%emt 00:00:09]} e5 {[%clk 01:02:28]} {[%emt
00:00:07]} 6. Nbd2 {[%clk 01:02:01]} {[%emt 00:00:55]} Qd7 {[%clk 01:02:40]}
{[%emt 00:00:17]} 7. Re1 {[%clk 01:01:04]} {[%emt 00:01:27]} Bc5 {[%clk
01:02:53]} {[%emt 00:00:17]} 8. c4 {[%emt 00:07:50]} Ng4 {[%clk 00:58:35]} 9.
Rf1 {[%clk 00:55:52]} {[%emt 00:03:11]} e4 {[%clk 00:50:38]} {[%emt 00:08:27]}
10. cxd5 {[%clk 00:46:06]} {[%emt 00:10:15]} Qxd5 {[%clk 00:50:49]} {[%emt
00:00:20]} 11. dxe4 {[%clk 00:45:53]} {[%emt 00:00:42]} Bxe4 {[%clk 00:51:10]}
{[%emt 00:00:10]} 12. Nxe4 {[%clk 00:46:17]} {[%emt 00:00:05]} Qxe4 {[%clk
00:51:37]} {[%emt 00:00:04]} 13. h3 {[%clk 00:43:59]} {[%emt 00:02:48]} Nge5
{[%clk 00:47:35]} {[%emt 00:04:31]} 14. Nxe5 {[%clk 00:42:38]} {[%emt
00:01:51]} Qxe5 {[%clk 00:47:59]} {[%emt 00:00:07]} 15. Qc2 {[%clk 00:42:57]}
{[%emt 00:00:11]} Nd4 {[%clk 00:47:52]} {[%emt 00:00:37]} 16. Qa4+ {[%clk
00:40:15]} {[%emt 00:03:12]} c6 {[%clk 00:48:15]} {[%emt 00:00:07]} 17. e3
{[%clk 00:40:03]} {[%emt 00:00:42]} Ne2+ {[%clk 00:48:12]} {[%emt 00:00:33]} 18.
Kh2 {[%clk 00:40:02]} {[%emt 00:00:31]} O-O {[%clk 00:48:07]} {[%emt 00:00:35]}
19. Qc4 {[%clk 00:39:09]} {[%emt 00:01:22]} Nxc1 {[%clk 00:47:34]} {[%emt
00:01:04]} 20. Raxc1 {[%clk 00:39:28]} {[%emt 00:00:11]} Bd6 {[%clk 00:47:44]}
{[%emt 00:00:21]} 21. b3 {[%clk 00:39:27]} {[%emt 00:00:31]} Ba3 {[%clk
00:47:33]} {[%emt 00:00:41]} 22. Rc2 {[%clk 00:36:06]} {[%emt 00:03:51]} h6
{[%clk 00:46:36]} {[%emt 00:01:27]} 23. Rd1 {[%clk 00:35:33]} {[%emt 00:01:03]}
Rfe8 {[%clk 00:44:57]} {[%emt 00:02:09]} 24. Rd7 {[%clk 00:35:10]} {[%emt
00:00:52]} Re7 {[%clk 00:44:59]} {[%emt 00:00:29]} 25. Rcd2 {[%clk 00:33:43]}
{[%emt 00:01:58]} Qf5 {[%clk 00:40:38]} {[%emt 00:04:50]} 26. Rxe7 {[%clk
00:31:39]} {[%emt 00:02:34]} Bxe7 {[%clk 00:41:02]} {[%emt 00:00:06]} 27. Be4
{[%clk 00:30:58]} {[%emt 00:01:12]} Qf6 {[%clk 00:41:15]} {[%emt 00:00:17]} 28.
Qd4 {[%clk 00:30:43]} {[%emt 00:00:45]} Qxd4 {[%clk 00:41:23]} {[%emt
00:00:23]} 29. Rxd4 {[%clk 00:31:07]} {[%emt 00:00:06]} Rd8 {[%clk 00:41:50]}
{[%emt 00:00:03]} 30. Rxd8+ {[%clk 00:31:26]} {[%emt 00:00:10]} Bxd8 {[%clk
00:42:16]} {[%emt 00:00:05]} 1/2-1/2

[Event "New Zealand Junior Championship"]
[Site "Wellington"]
[Date "2023.01.09"]
[Round "7.8"]
[White "Braganza, Nadia"]
[Black "Li, Bill"]
[Result "0-1"]
[TimeControl "60 mins plus 30 secs per move"]
[WhiteTitle "WCM"]
[WhiteFideId "4305337"]
[BlackFideId "4317289"]
[WhiteElo "1838"]
[BlackElo "1384"]

1. c4 {[%clk 01:00:54]} {[%emt 00:00:06]} e5 {[%clk 01:00:55]} {[%emt
00:00:06]} 2. Nc3 {[%clk 01:01:17]} {[%emt 00:00:06]} Nc6 {[%clk 01:01:17]}
{[%emt 00:00:07]} 3. g3 {[%clk 01:01:36]} {[%emt 00:00:12]} f5 {[%clk
01:01:41]} {[%emt 00:00:06]} 4. Bg2 {[%clk 01:01:48]} {[%emt 00:00:18]} Nf6
{[%clk 01:02:05]} {[%emt 00:00:06]} 5. d3 {[%clk 00:54:18]} {[%emt 00:08:00]}
Bb4 {[%clk 01:02:06]} {[%emt 00:00:29]} 6. Bd2 {[%clk 00:53:38]} {[%emt
00:01:10]} d6 {[%clk 01:02:06]} {[%emt 00:00:30]} 7. e4 {[%clk 00:53:24]}
{[%emt 00:00:45]} Bxc3 {[%clk 01:01:00]} {[%emt 00:01:36]} 8. Bxc3 {[%clk
00:53:42]} {[%emt 00:00:11]} fxe4 {[%clk 01:00:49]} {[%emt 00:00:41]} 9. dxe4
{[%clk 00:54:05]} {[%emt 00:00:07]} Be6 {[%clk 01:00:42]} {[%emt 00:00:38]} 10.
b3 {[%clk 00:54:12]} {[%emt 00:00:23]} Qd7 {[%clk 00:57:11]} {[%emt 00:04:00]}
11. Ne2 {[%clk 00:53:44]} {[%emt 00:00:58]} Bh3 {[%emt 00:03:53]} 12. Bf3
{[%clk 00:52:03]} {[%emt 00:01:59]} g5 {[%clk 00:51:51]} {[%emt 00:02:40]} 13.
Ng1 {[%clk 00:50:05]} {[%emt 00:02:28]} g4 {[%clk 00:48:52]} {[%emt 00:03:29]}
14. Nxh3 {[%clk 00:48:02]} {[%emt 00:02:32]} gxf3 {[%clk 00:49:11]} {[%emt
00:00:11]} 15. Qxf3 {[%clk 00:41:18]} {[%emt 00:07:13]} Qxh3 {[%clk 00:49:20]}
{[%emt 00:00:21]} 16. Qxf6 {[%clk 00:41:22]} {[%emt 00:00:26]} Rf8 {[%clk
00:49:40]} {[%emt 00:00:10]} 17. Qh4 {[%clk 00:34:24]} {[%emt 00:07:28]} Qxh4
{[%clk 00:48:12]} {[%emt 00:02:00]} 18. gxh4 {[%clk 00:34:49]} {[%emt
00:00:04]} Rf4 {[%clk 00:48:22]} {[%emt 00:00:19]} 19. Rg1 {[%clk 00:34:35]}
{[%emt 00:00:45]} Rxe4+ {[%clk 00:48:07]} {[%emt 00:00:46]} 20. Kd2 {[%clk
00:34:57]} {[%emt 00:00:07]} Kf7 {[%clk 00:48:27]} {[%emt 00:00:10]} 21. Rg3
{[%clk 00:32:03]} {[%emt 00:03:24]} Nd8 {[%clk 00:46:36]} {[%emt 00:02:20]} 22.
Rf3+ {[%clk 00:27:59]} {[%emt 00:04:34]} Ke7 {[%clk 00:45:01]} {[%emt
00:08:44]} 23. Rg1 {[%clk 00:09:59]} 0-1

[Event "New Zealand Junior Championship"]
[Site "Wellington"]
[Date "2023.01.09"]
[Round "7.10"]
[White "Zhang, Yaoyuan"]
[Black "Loke, Kayden"]
[Result "1/2-1/2"]
[TimeControl "60 mins plus 30 secs per move"]
[WhiteFideId "4311914"]
[BlackFideId "4313186"]
[WhiteElo "1515"]
[BlackElo "1972"]

1. d4 {[%clk 01:00:55]} {[%emt 00:00:03]} Nf6 {[%clk 01:00:54]} {[%emt
00:00:07]} 2. c4 {[%clk 01:01:00]} {[%emt 00:00:26]} e6 {[%clk 01:01:18]}
{[%emt 00:00:05]} 3. Nc3 {[%clk 01:00:37]} {[%emt 00:00:53]} d5 {[%clk
01:01:36]} {[%emt 00:00:12]} 4. Bg5 {[%clk 01:00:23]} {[%emt 00:00:43]} Bb4
{[%clk 01:01:46]} {[%emt 00:00:20]} 5. a3 {[%clk 00:59:38]} {[%emt 00:01:16]}
Bxc3+ {[%clk 01:01:18]} {[%emt 00:00:57]} 6. bxc3 {[%clk 00:59:58]} {[%emt
00:00:10]} dxc4 {[%clk 01:01:28]} {[%emt 00:00:20]} 7. Bxf6 {[%emt 00:03:27]}
Qxf6 {[%clk 01:00:30]} {[%emt 00:01:15]} 8. Qa4+ {[%clk 00:57:04]} {[%emt
00:00:41]} Bd7 {[%clk 01:00:50]} {[%emt 00:00:09]} 9. Qxc4 {[%clk 00:57:21]}
{[%emt 00:00:12]} Nc6 {[%clk 01:01:02]} {[%emt 00:00:19]} 10. e4 {[%clk
00:52:24]} {[%emt 00:05:26]} Qd8 {[%clk 00:59:17]} {[%emt 00:02:16]} 11. Nf3
{[%clk 00:45:29]} {[%emt 00:07:25]} a6 {[%clk 00:55:55]} {[%emt 00:03:52]} 12.
Qa2 {[%clk 00:41:49]} {[%emt 00:04:10]} O-O {[%clk 00:55:57]} {[%emt 00:00:27]}
13. Bd3 {[%clk 00:40:21]} {[%emt 00:01:57]} Na5 {[%clk 00:55:29]} {[%emt
00:00:59]} 14. O-O {[%clk 00:35:50]} {[%emt 00:05:02]} Bb5 {[%clk 00:55:16]}
{[%emt 00:00:43]} 15. Qe2 {[%clk 00:31:20]} {[%emt 00:05:00]} Bxd3 {[%clk
00:54:32]} {[%emt 00:01:15]} 16. Qxd3 {[%clk 00:31:36]} {[%emt 00:00:13]} c5
{[%clk 00:54:14]} {[%emt 00:00:48]} 17. Rfd1 {[%clk 00:27:02]} {[%emt
00:05:04]} b5 {[%clk 00:53:44]} {[%emt 00:01:00]} 18. a4 {[%clk 00:24:54]}
{[%emt 00:02:39]} c4 {[%clk 00:53:42]} {[%emt 00:00:31]} 19. Qc2 {[%clk
00:24:09]} {[%emt 00:01:15]} Nb3 {[%clk 00:53:49]} {[%emt 00:00:23]} 20. Ra2
{[%clk 00:23:34]} {[%emt 00:01:06]} Qd6 {[%clk 00:53:20]} {[%emt 00:00:59]} 21.
Nd2 {[%clk 00:22:35]} {[%emt 00:01:28]} Nxd2 {[%clk 00:52:50]} {[%emt
00:01:00]} 22. Qxd2 {[%clk 00:22:55]} {[%emt 00:00:09]} Qc6 {[%clk 00:52:28]}
{[%emt 00:00:52]} 23. Qc2 {[%clk 00:20:07]} {[%emt 00:03:18]} Rfb8 {[%clk
00:52:23]} {[%emt 00:00:36]} 24. a5 {[%clk 00:18:16]} {[%emt 00:02:21]} b4
{[%clk 00:52:09]} {[%emt 00:00:43]} 25. cxb4 {[%clk 00:18:11]} {[%emt
00:00:37]} Rxb4 {[%clk 00:52:20]} {[%emt 00:00:17]} 26. Rb1 {[%clk 00:18:09]}
{[%emt 00:00:32]} Rab8 {[%clk 00:51:27]} {[%emt 00:01:23]} 27. Rab2 {[%clk
00:18:19]} {[%emt 00:00:20]} Rxb2 {[%clk 00:51:45]} {[%emt 00:00:12]} 28. Rxb2
{[%clk 00:18:37]} {[%emt 00:00:12]} Rxb2 {[%clk 00:52:10]} {[%emt 00:00:06]} 29.
Qxb2 {[%clk 00:18:49]} {[%emt 00:00:18]} h6 {[%clk 00:52:33]} {[%emt 00:00:07]}
30. Qc2 {[%clk 00:17:57]} {[%emt 00:01:21]} Qb5 {[%clk 00:52:18]} {[%emt
00:00:47]} 31. h3 {[%clk 00:16:45]} {[%emt 00:01:41]} Qb3 {[%clk 00:52:38]}
{[%emt 00:00:10]} 32. Qe2 {[%clk 00:15:56]} {[%emt 00:01:18]} Qd3 {[%clk
00:53:01]} {[%emt 00:00:09]} 33. Qxd3 {[%clk 00:15:45]} {[%emt 00:00:41]} cxd3
{[%clk 00:53:23]} {[%emt 00:00:08]} 34. Kf1 {[%clk 00:16:00]} {[%emt 00:00:15]}
e5 {[%clk 00:49:33]} {[%emt 00:04:21]} 35. d5 {[%clk 00:16:16]} {[%emt
00:00:14]} Kf8 {[%clk 00:49:45]} {[%emt 00:00:17]} 36. Ke1 {[%clk 00:16:36]}
{[%emt 00:00:09]} Ke7 {[%clk 00:50:13]} {[%emt 00:00:03]} 37. Kd2 {[%clk
00:16:59]} {[%emt 00:00:06]} Kd6 {[%clk 00:50:38]} {[%emt 00:00:05]} 38. Kxd3
{[%clk 00:16:56]} {[%emt 00:00:33]} Kc5 {[%clk 00:51:04]} {[%emt 00:00:04]} 39.
Kc3 {[%clk 00:13:38]} {[%emt 00:03:47]} Kb5 {[%clk 00:51:07]} {[%emt 00:00:27]}
40. Kb3 {[%clk 00:13:25]} {[%emt 00:00:42]} Kxa5 {[%clk 00:51:30]} {[%emt
00:00:09]} 41. Kc4 {[%clk 00:12:03]} {[%emt 00:01:51]} Kb6 {[%clk 00:51:54]}
{[%emt 00:00:05]} 42. Kb4 {[%clk 00:12:07]} {[%emt 00:00:26]} h5 {[%clk
00:48:16]} {[%emt 00:04:09]} 43. h4 {[%clk 00:11:32]} {[%emt 00:01:05]} a5+
{[%clk 00:45:15]} {[%emt 00:03:31]} 44. Ka4 {[%clk 00:11:43]} {[%emt 00:00:19]}
f6 {[%clk 00:44:34]} {[%emt 00:01:12]} 45. f3 {[%clk 00:10:23]} {[%emt
00:01:51]} g5 {[%clk 00:44:12]} {[%emt 00:00:51]} 46. g3 {[%clk 00:10:37]}
{[%emt 00:00:16]} Ka6 {[%clk 00:42:42]} {[%emt 00:02:01]} 47. Ka3 {[%clk
00:09:46]} {[%emt 00:01:20]} Kb5 {[%clk 00:43:07]} {[%emt 00:00:06]} 48. Kb3
{[%clk 00:10:04]} {[%emt 00:00:10]} a4+ {[%clk 00:38:10]} {[%emt 00:05:29]} 49.
Ka3 {[%clk 00:10:23]} {[%emt 00:00:11]} Ka5 {[%clk 00:38:39]} 50. Kb2 {[%clk
00:10:42]} {[%emt 00:00:10]} Kb6 {[%clk 00:38:59]} {[%emt 00:00:11]} 51. Ka3
{[%clk 00:11:06]} {[%emt 00:00:05]} Kb5 {[%clk 00:38:40]} {[%emt 00:00:50]} 52.
Kb2 {[%clk 00:11:22]} {[%emt 00:00:13]} gxh4 {[%clk 00:39:04]} {[%emt
00:00:07]} 53. gxh4 {[%clk 00:11:40]} {[%emt 00:00:11]} Kb6 {[%clk 00:39:15]}
{[%emt 00:00:19]} 54. Ka3 {[%clk 00:12:03]} {[%emt 00:00:07]} Ka5 {[%clk
00:39:42]} {[%emt 00:00:03]} 55. Kb2 {[%clk 00:12:26]} {[%emt 00:00:07]} Ka6
{[%clk 00:39:57]} {[%emt 00:00:15]} 56. Ka3 {[%clk 00:12:52]} {[%emt 00:00:04]}
Kb5 {[%clk 00:40:21]} {[%emt 00:00:05]} 57. Kb2 {[%clk 00:13:16]} {[%emt
00:00:05]} Kb6 {[%clk 00:40:45]} {[%emt 00:00:08]} 58. Ka3 {[%clk 00:13:41]}
{[%emt 00:00:05]} Ka5 {[%clk 00:41:08]} {[%emt 00:00:07]} 59. Kb2 {[%clk
00:14:07]} {[%emt 00:00:05]} 1/2-1/2

[Event "New Zealand Junior Championship"]
[Site "Wellington"]
[Date "2023.01.09"]
[Round "7.11"]
[White "Chen, Anderson"]
[Black "Hwang, Ryan"]
[Result "0-1"]
[TimeControl "60 mins plus 30 secs per move"]
[WhiteFideId "4313011"]
[BlackFideId "4313313"]
[WhiteElo "1487"]
[BlackElo "1655"]

1. e4 {[%clk 01:00:59]} c5 {[%clk 01:00:55]} {[%emt 00:00:05]} 2. c4 {[%emt
00:00:07]} Nc6 {[%clk 01:01:10]} {[%emt 00:00:14]} 3. Ne2 {[%clk 01:01:47]}
{[%emt 00:00:06]} d6 {[%clk 01:01:04]} {[%emt 00:00:35]} 4. Nbc3 {[%clk
01:02:11]} {[%emt 00:00:06]} Nf6 {[%clk 01:01:09]} {[%emt 00:00:26]} 5. d3
{[%clk 01:02:33]} {[%emt 00:00:08]} g6 {[%clk 01:00:05]} {[%emt 00:01:34]} 6.
g3 {[%clk 01:02:59]} {[%emt 00:00:05]} Bg7 {[%clk 00:58:59]} {[%emt 00:01:36]}
7. Bg2 {[%clk 01:03:23]} {[%emt 00:00:06]} a6 {[%clk 00:57:39]} {[%emt
00:01:50]} 8. h3 {[%clk 00:59:09]} {[%emt 00:04:44]} Qc7 {[%clk 00:56:10]}
{[%emt 00:01:59]} 9. O-O {[%clk 00:58:53]} {[%emt 00:00:46]} h6 {[%clk
00:51:19]} {[%emt 00:05:21]} 10. Be3 {[%clk 00:53:28]} {[%emt 00:05:54]} e6
{[%clk 00:44:36]} {[%emt 00:07:14]} 11. f4 {[%clk 00:49:48]} {[%emt 00:04:10]}
Ng8 {[%clk 00:36:08]} {[%emt 00:08:58]} 12. Rb1 {[%clk 00:45:27]} {[%emt
00:04:50]} Nge7 {[%clk 00:32:49]} {[%emt 00:03:50]} 13. b3 {[%clk 00:25:43]}
{[%emt 00:20:14]} e5 {[%clk 00:26:41]} {[%emt 00:06:38]} 14. a3 {[%clk
00:21:28]} {[%emt 00:04:45]} exf4 {[%clk 00:22:00]} {[%emt 00:05:11]} 15. Bxf4
{[%clk 00:19:09]} {[%emt 00:02:47]} g5 {[%clk 00:21:36]} {[%emt 00:00:55]} 16.
Be3 {[%clk 00:18:24]} {[%emt 00:01:14]} f5 {[%clk 00:20:23]} {[%emt 00:01:45]}
17. Nd5 {[%clk 00:14:50]} {[%emt 00:04:04]} Nxd5 {[%clk 00:19:38]} {[%emt
00:01:15]} 18. exd5 {[%clk 00:14:58]} {[%emt 00:00:22]} Ne7 {[%clk 00:18:10]}
{[%emt 00:01:58]} 19. d4 {[%clk 00:11:52]} {[%emt 00:03:36]} cxd4 {[%clk
00:15:11]} {[%emt 00:03:29]} 20. Nxd4 {[%clk 00:09:54]} {[%emt 00:02:27]} O-O
{[%clk 00:12:54]} {[%emt 00:02:47]} 21. Qd2 {[%clk 00:08:35]} {[%emt 00:01:48]}
Rf6 {[%clk 00:10:39]} {[%emt 00:02:45]} 22. a4 {[%clk 00:07:06]} {[%emt
00:01:59]} Qd8 {[%clk 00:08:13]} {[%emt 00:02:56]} 23. Rf2 {[%clk 00:03:57]}
{[%emt 00:03:39]} Qe8 {[%clk 00:07:53]} {[%emt 00:00:51]} 24. Qe2 {[%clk
00:03:47]} {[%emt 00:00:39]} Qf7 {[%clk 00:07:08]} {[%emt 00:01:15]} 25. Rbf1
{[%clk 00:03:30]} {[%emt 00:00:47]} Bd7 {[%clk 00:06:19]} {[%emt 00:01:20]} 26.
Qd1 {[%clk 00:02:43]} {[%emt 00:01:15]} Re8 {[%clk 00:05:53]} {[%emt 00:00:57]}
27. Qd2 {[%clk 00:02:06]} {[%emt 00:01:08]} Qg6 {[%clk 00:05:17]} {[%emt
00:01:06]} 28. Ne2 {[%clk 00:01:26]} {[%emt 00:01:10]} Ref8 {[%clk 00:04:20]}
{[%emt 00:01:28]} 29. Bd4 {[%clk 00:01:25]} {[%emt 00:00:31]} R6f7 {[%clk
00:04:34]} {[%emt 00:00:15]} 30. Bxg7 {[%clk 00:01:34]} {[%emt 00:00:21]} Qxg7
{[%clk 00:04:50]} {[%emt 00:00:14]} 31. Qd4 {[%clk 00:01:27]} {[%emt 00:00:36]}
Qxd4 {[%emt 00:01:24]} 32. Nxd4 {[%clk 00:01:52]} {[%emt 00:00:03]} Rf6 {[%clk
00:03:43]} {[%emt 00:00:45]} 33. g4 {[%clk 00:01:30]} {[%emt 00:00:51]} Kg7
{[%clk 00:02:58]} {[%emt 00:01:15]} 34. Ne6+ {[%clk 00:00:48]} {[%emt
00:01:12]} Bxe6 {[%clk 00:03:11]} {[%emt 00:00:17]} 35. dxe6 {[%clk 00:01:15]}
{[%emt 00:00:04]} b6 {[%clk 00:02:22]} {[%emt 00:01:19]} 36. gxf5 {[%clk
00:01:14]} {[%emt 00:00:30]} Rxf5 {[%clk 00:02:18]} {[%emt 00:00:34]} 37. Rxf5
{[%clk 00:01:18]} {[%emt 00:00:26]} Rxf5 {[%clk 00:02:23]} {[%emt 00:00:26]} 38.
Rxf5 {[%clk 00:01:23]} {[%emt 00:00:25]} Nxf5 {[%clk 00:02:52]} {[%emt
00:00:01]} 39. Bd5 {[%clk 00:01:51]} {[%emt 00:00:02]} Kf6 {[%clk 00:02:48]}
{[%emt 00:00:33]} 40. b4 {[%clk 00:01:11]} {[%emt 00:01:10]} Nd4 {[%clk
00:02:51]} {[%emt 00:00:27]} 41. a5 {[%clk 00:01:04]} {[%emt 00:00:37]} bxa5
{[%clk 00:02:18]} {[%emt 00:01:04]} 42. bxa5 {[%clk 00:01:32]} {[%emt
00:00:03]} Nxe6 {[%clk 00:02:33]} {[%emt 00:00:14]} 43. Bb7 {[%clk 00:01:35]}
{[%emt 00:00:27]} Nc5 {[%clk 00:02:27]} {[%emt 00:00:36]} 44. Bd5 {[%clk
00:01:35]} {[%emt 00:00:29]} Ke5 {[%clk 00:02:42]} {[%emt 00:00:17]} 45. Kf2
{[%clk 00:01:42]} {[%emt 00:00:21]} Nb3 {[%clk 00:01:21]} {[%emt 00:01:53]} 46.
Bb7 {[%clk 00:02:00]} {[%emt 00:00:11]} Nxa5 {[%clk 00:01:31]} {[%emt
00:00:21]} 47. Bxa6 {[%clk 00:02:23]} {[%emt 00:00:06]} Kd4 {[%clk 00:01:56]}
{[%emt 00:00:05]} 48. Ke2 {[%clk 00:01:57]} {[%emt 00:00:56]} Nxc4 {[%clk
00:02:11]} {[%emt 00:00:16]} 49. Bb7 {[%clk 00:02:00]} {[%emt 00:00:26]} d5
{[%clk 00:02:11]} {[%emt 00:00:31]} 50. Kf3 {[%clk 00:02:09]} {[%emt 00:00:19]}
Ne5+ {[%clk 00:02:33]} {[%emt 00:00:09]} 51. Kg3 {[%clk 00:02:22]} {[%emt
00:00:17]} h5 {[%clk 00:02:32]} {[%emt 00:00:32]} 52. h4 {[%clk 00:02:13]}
{[%emt 00:00:38]} g4 {[%clk 00:01:31]} {[%emt 00:01:31]} 53. Bc8 {[%clk
00:02:30]} {[%emt 00:00:14]} Ke4 {[%clk 00:01:30]} {[%emt 00:00:31]} 54. Bb7
{[%clk 00:02:50]} {[%emt 00:00:10]} Kd4 {[%clk 00:01:16]} {[%emt 00:00:44]} 55.
Bc8 {[%clk 00:02:50]} {[%emt 00:00:29]} Ke3 {[%clk 00:01:30]} {[%emt 00:00:16]}
56. Bf5 {[%clk 00:03:10]} {[%emt 00:00:11]} d4 {[%clk 00:01:37]} {[%emt
00:00:22]} 57. Bh7 {[%clk 00:03:24]} {[%emt 00:00:15]} d3 {[%clk 00:01:39]}
{[%emt 00:00:28]} 58. Bxd3 {[%clk 00:03:44]} {[%emt 00:00:11]} Nxd3 {[%clk
00:02:01]} {[%emt 00:00:09]} 0-1